中国相距最近的城市接龙挑战 - Statistics

General Stats
  • This quiz has been taken 188 times
  • The average score is 29 of 50
Answer Stats
% Correct
廊坊
100%
天津
99%
沧州
91%
德州
81%
衡水
72%
石家庄
71%
阳泉
67%
晋中
64%
太原
64%
忻州
64%
朔州
63%
大同
63%
乌兰察布
61%
呼和浩特
61%
包头
61%
鄂尔多斯
60%
榆林
60%
吕梁
58%
临汾
58%
运城
58%
三门峡
58%
洛阳
58%
焦作
58%
晋城
58%
长治
57%
安阳
56%
鹤壁
55%
新乡
55%
开封
55%
郑州
55%
许昌
55%
漯河
53%
信阳
52%
驻马店
51%
随州
51%
孝感
51%
武汉
51%
黄冈
50%
鄂州
50%
黄石
50%
咸宁
49%
岳阳
49%
益阳
48%
长沙
47%
湘潭
47%
株洲
47%
萍乡
47%
宜春
47%
新余
47%
吉安
47%
No matching quizzes found
Score Distribution
Percent of People with Each Score
Percentile by Number Answered
Your Score History
You have not taken this quiz